100 Biggest Cities in Canada - Statistics

General Stats
  • This quiz has been taken 467 times
  • The average score is 33 of 100
Answer Stats
Rank Population Province City % Correct
1 6,341,935 ON Toronto
99%
2 4,255,541 QC Montréal
98%
3 2,650,005 BC Vancouver
98%
6 1,414,399 ON/QC Ottawa-Gatineau
94%
4 1,486,050 AB Calgary
93%
5 1,420,916 AB Edmonton
93%
8 817,408 QC Quebec City
92%
7 832,186 MB Winnipeg
88%
12 430,512 NS Halifax
83%
11 532,984 ON London
78%
17 322,568 SK Saskatoon
78%
18 257,337 SK Regina
76%
15 395,523 BC Victoria
76%
32 130,107 NB Saint John
75%
20 212,501 NL St. John's
75%
9 786,641 ON Hamilton
71%
16 349,718 ON Windsor
65%
33 126,481 ON Thunder Bay
62%
10 567,740 ON Kitchener-Cambridge-Waterloo
60%
13 429,036 ON St. Catharines-Niagara
59%
89 31,924 YT Whitehorse
51%
25 171,471 ON Sudbury
49%
39 108,054 NB Fredericton
48%
21 212,311 BC Kelowna
48%
29 152,604 NB Moncton
48%
50 76,728 PE Charlottetown
46%
36 112,361 BC Kamloops
46%
24 173,450 ON Kingston
46%
28 159,078 QC Trois-Rivières
44%
14 405,631 ON Oshawa
43%
47 80,031 ON Sault Ste. Marie
43%
19 218,797 QC Sherbrooke
42%
41 103,759 AB Red Deer
41%
23 196,007 BC Abbotsford-Mission
40%
22 210,800 ON Barrie
39%
49 79,294 AB Medicine Hat
37%
34 124,553 AB Lethbridge
36%
45 92,792 BC Prince George
36%
35 112,881 BC Nanaimo
35%
26 162,612 ON Guelph
34%
57 61,507 MB Brandon
33%
51 73,797 AB Fort McMurray
32%
42 99,805 NS Sydney
32%
43 99,625 ON Sarnia
31%
31 131,283 ON Peterborough
30%
27 162,057 QC Saguenay
29%
77 36,274 SK Moose Jaw
27%
40 105,877 ON Chatham-Kent
25%
52 73,585 ON North Bay
25%
67 46,387 SK Prince Albert
23%
38 109,932 ON Belleville
21%
30 147,548 ON Brantford
21%
54 66,678 AB Grande Prairie
21%
71 42,603 ON Timmins
21%
37 110,600 BC Chilliwack
20%
44 98,758 QC Drummondville
19%
78 35,805 AB/SK Lloydminster
19%
66 46,432 NS Truro
19%
56 61,816 ON Cornwall
18%
68 46,128 BC Penticton
17%
60 55,840 QC Rimouski
16%
55 65,294 BC Vernon
16%
85 33,136 ON Orillia
15%
61 54,292 QC Shawinigan
14%
46 87,603 QC Granby
13%
84 33,199 ON Owen Sound
13%
88 32,060 NL Corner Brook
12%
48 79,667 ON Kawartha Lakes
11%
58 60,133 QC Saint-Hyacinthe
11%
82 33,230 ON Stratford
11%
64 50,154 QC Victoriaville
11%
74 40,848 BC Campbell River
10%
81 34,201 QC Val-d'Or
10%
75 39,968 ON Brockville
9%
70 42,887 QC Rouyn-Noranda
9%
83 33,206 QC Saint-Georges
9%
90 31,665 NB Bathurst
8%
99 27,582 BC Cranbrook
8%
94 29,957 BC Fort St. John
8%
76 39,191 ON Midland
7%
69 44,319 ON Woodstock
7%
65 47,630 BC Duncan
6%
63 50,558 QC Joliette
6%
98 27,983 NB Miramichi
6%
79 34,869 NS New Glasgow
6%
53 68,681 ON Norfolk
6%
92 30,421 AB Okotoks
6%
97 28,287 QC Sept-Îles
6%
86 32,819 QC Alma
5%
59 58,085 BC Courtenay
5%
62 52,202 ON Leamington
5%
95 29,458 QC Rivière-du-Loup
4%
73 41,566 QC Sorel-Tracy
4%
96 28,729 QC Thetford Mines
4%
87 32,376 MB Winkler
4%
100 27,301 NS Kentville
3%
91 30,860 BC Parksville
3%
72 41,663 QC Salaberry-de-Valleyfield
2%
80 34,499 ON Carleton Place
1%
93 30,056 ON Centre Wellington
1%
No matching quizzes found
Score Distribution
Percent of People with Each Score
Percentile by Number Answered
Your Score History
You have not taken this quiz